| 000 | 02083nam a2200421 a 4500 | ||
|---|---|---|---|
| 001 | vtls003243036 | ||
| 003 | MY-SjTCS | ||
| 005 | 20200226115610.0 | ||
| 006 | m u | ||
| 007 | cr cn||||||||| | ||
| 008 | 121009s2011 cauab sb 001 0 eng d | ||
| 010 | _z2010-038918 | ||
| 020 | _z9780520262805 (cloth : alk. paper) | ||
| 020 | _z9780520262812 (pbk. : alk. paper) | ||
| 020 | _z9780520950450 (e-book) | ||
| 035 | _a(OCoLC)785778148 | ||
| 035 | _a(CaPaEBR)ebr10529561 | ||
| 039 | 9 |
_y201210090950 _zwilmina |
|
| 040 |
_aCaPaEBR _cCaPaEBR |
||
| 043 | _aa-ii--- | ||
| 050 | 1 | 4 |
_aBP189.65.F35 _bB45 2011eb |
| 082 | 0 | 4 |
_a297.4/3554 _222 |
| 100 | 1 |
_aBellamy, Carla, _d1971- |
|
| 245 | 1 | 4 |
_aThe powerful ephemeral _h[electronic resource] : _beveryday healing in an ambiguously Islamic place / _cCarla Bellamy. |
| 260 |
_aBerkeley : _bUniversity of California Press, _c2011. |
||
| 300 |
_axxi, 282 p. : _bill., maps. |
||
| 440 | 0 | _aSouth Asia across the disciplines | |
| 504 | _aIncludes bibliographical references and index. | ||
| 505 | 0 | _aIntroduction. Ambiguity: Hụsain Tẹkrī and Indian dargāh ̣culture -- Place: the making of a pilgrimage and a pilgrimage center -- People: the tale of the four virtuous women -- Absence: lobān, volunteerism, and abundance -- Presence: the work and the workings of hạ̄zịrī -- Personae: transgression, otherness, cosmopolitanism, and kinship -- Conclusion: The powerful ephemeral: dargāh ̣culture in contemporary India. | |
| 533 |
_aElectronic reproduction. _bPalo Alto, Calif. : _cebrary, _d2011. _nAvailable via World Wide Web. _nAccess may be limited to ebrary affiliated libraries. |
||
| 650 | 0 |
_aHealing _xReligious aspects _xIslam. |
|
| 650 | 0 |
_aSpiritual healing _zIndia. |
|
| 650 | 0 |
_aIslamic shrines _zIndia. |
|
| 650 | 0 |
_aSufism _zIndia. |
|
| 655 | 7 |
_aElectronic books. _2local |
|
| 710 | 2 |
_aebrary, Inc. _925628 |
|
| 856 | 4 | 0 |
_uhttps://ezproxy.taylors.edu.my/login?url=http://site.ebrary.com/lib/taylorscollege/Doc?id=10529561 _zAn electronic book accessible through the World Wide Web; click to view |
| 999 | _c150603 | ||